000 00509nam a2200181Ia 4500
005 20250317125650.0
008 008 250317s9999 xx 000 0 eng d
037 _aTextbook
040 _aFMSL
_beng
_cFMSL
041 _aeng
_2eng
084 _qFMSL
100 _aFrench W L
_9735900
245 0 _aOrganisation development : Theory practice and Research
260 _aNew Delhi
_bNew Delhi, Universal Book Stall
_c1989
300 _a694p
942 _cTB
999 _c1260430
_d1260430